Statistiche per Riconosci il Calciatore - Quiz n°76

Clicka qui per fare il quiz!

Statistiche generali

  • Questo quiz è stato fatto 4 volte
  • Il punteggio medio è 8 su 17

Statistiche sulle risposte

IndizioRisposta% Corretto
RuoloCentrocampista / Attaccante
100%
NazionalitàRussia
100%
Squadra di club 4Atalanta 2023-
67%
Trofei per clubCoppa di Russia: 3
Lokomotiv Mosca: 2014-2015, 2016-2017, 2018-2019
Campionato russo: 1
Lokomotiv Mosca: 2017-2018
Supercoppa di Russia: 1
Lokomotiv Mosca: 2019
67%
Trofei individuali0
33%
Trofei per nazionali0
33%
Data di nascita17/10/1995
33%
Altezza182 cm
33%
Presenze nei club329
33%
Presenze in nazionale43
33%
Gol nei club58
33%
Gol in nazionale6
33%
Peso74 kg
33%
CalciatoreAleksej Mirančuk
33%
Squadra di club 2Atalanta 2020-2022
33%
Squadra di club 1Lokomotiv Mosca 2013-2020
33%
Squadra di club 3Torino 2022-2023
33%

Distribuzione punteggi

Percentile per numero di risposta

Percentuale di utenti per punteggio

I tuoi punteggi nel tempo

Non hai fatto questo quiz